The Rocky horror picture show.

Gespeichert in:
Bibliographische Detailangaben
Format: Dia
Sprache:Englisch
Veröffentlicht: Italia : Twentieth century fox home entertainment, c2001
Tags: Tag hinzufügen
Keine Tags, Fügen Sie das erste Tag hinzu!

MARC

LEADER 00000ngm a22000007ic4500
001 IT\ICCU\UBO\1855289
003 ItRI
005 20260124182850.0
008 021015s2001 it |||||||||||||||k|||||c
040 |b ita 
041 7 |a eng  |2 ISO-639-2 
245 0 0 |a The Rocky horror picture show. 
260 |a Italia :  |b Twentieth century fox home entertainment,  |c c2001 
300 |a 1 DVD :  |b color. (PAL), son. (dolby digital 5.1) ;  |c 12 cm. 
773 0 |w IT\ICCU\UBO\1855230  |t The Rocky horror picture show  |g 1 
942 |2 ddc  |c VM  |n 0 
952 |0 0  |1 0  |4 0  |6 VO_2234_000000000000000  |7 0  |9 27224  |a BO  |b BO  |d 2026-01-24  |i 18372  |l 0  |o VO 2234  |p BO18372  |r 2026-01-24 18:28:50  |w 2026-01-24  |x [Sebina 5] [dvd 1-2]  |y VM  |z dvd 1 
999 |c 23047  |d 23047